000 01528nas1a22003011i 4500
001 RU\NLR\Per\628068
005 20241225214120.0
011 _a2073-7173
_bпеч.
011 0 _a2588-0233
_bэлектрон.
035 _a(NLR Aleph) 002878214
090 _a3252990
_c3252990
100 _a20090902a20089999|||y0rusy50 ca
101 0 _arus
102 _aRU
110 _aau|||||||||
200 1 _aМорские интеллектуальные технологии
_dMarine intellectual technologies
_eнаучный журнал
_zeng
207 0 _a2008, №1 (1) -
210 _aСанкт-Петербург
_cНаучно-исследовательский центр "Морские интеллектуальные технологии"
_d2008 -
510 1 _aMarine intellectual technologies
_zeng
510 1 _aMorskie intellektual'nye tehnologii
_zint
606 1 _aМорской транспорт
_jПериодические издания
_xИнформационные технологии
_92565257
_3RU\NLR\AUTH\661517225
686 1 _aО4,1я52
852 _aNLR
_jП11/5594
942 _cJOURNAL
980 _aRUSPER